| 000 | 00548nam a22001697a 4500 | ||
|---|---|---|---|
| 005 | 20250415125235.0 | ||
| 008 | 250415b |||||||| |||| 00| 0 eng d | ||
| 020 | _a9783031224553 | ||
| 082 |
_a005.8 _bHAS-P |
||
| 100 | _aHassanien, Aboul Ella | ||
| 245 |
_aThe Power of Data : _bDriving Climate Change with Data Science and Artificial Intelligence Innovations / _cAshraf Darwish |
||
| 260 |
_aUSA: _bElsevier; _c2023. |
||
| 300 |
_axix, 255 p . : _bill; _c24 cm. |
||
| 500 | _ainclude index. | ||
| 650 | _aArtificial Intelligence | ||
| 999 |
_c36900 _d36900 |
||